Sociálne zabezpečenia migrujúcich pracovníkov v rámci Európskej únie

Úsilím členských štátov EÚ v oblasti sociálneho zabezpečenia je zaručiť migrujúcim pracovníkom a ich rodinným príslušníkom využívať svoje práva sociálneho zabezpečenia rovnako, akoby nikdy neopustili svoju domovskú krajinu. Právne predpisy ES/EÚ v oblasti koordinácie systémov sociálneho zabezpečenia...

Descrizione completa

Salvato in:
Dettagli Bibliografici
Autore principale: Sulejmani, Dagmar, 1975-
Natura: Capitolo di libro
Lingua:slovacco
Soggetti:
Tags: Aggiungi Tag
Nessun Tag, puoi essere il primo ad aggiungerne!!

MARC

LEADER 00000nla$a2200000$$$4500
001 0120509
005 20240502072345.4
041 0 |a slo 
044 |a SK 
245 1 0 |a Sociálne zabezpečenia migrujúcich pracovníkov v rámci Európskej únie  |c Dagmar Sulejmani 
520 |a Úsilím členských štátov EÚ v oblasti sociálneho zabezpečenia je zaručiť migrujúcim pracovníkom a ich rodinným príslušníkom využívať svoje práva sociálneho zabezpečenia rovnako, akoby nikdy neopustili svoju domovskú krajinu. Právne predpisy ES/EÚ v oblasti koordinácie systémov sociálneho zabezpečenia. Správna komisia pre sociálne zabezpečenie migrujúcich pracovníkov. Problematika vysielania pracovníkov na úrovni EÚ v kontexte koordinácie systémov sociálneho zabezpečenia. 
610 2 0 |a zabezpečenie sociálne 
610 2 0 |a pohyb síl pracovných medzinárodný 
610 2 0 |a Európska únia 
100 1 |a Sulejmani, Dagmar, 1975-